Business communication today / (Record no. 182225)

MARC details
000 -LEADER
fixed length control field 00810nam a22002417a 4500
005 - DATE AND TIME OF LATEST TRANSACTION
control field 20211109141559.0
010 ## - LCCN (DPL NO)
LC control number B-741828
020 ## - INTERNATIONAL STANDARD BOOK NUMBER
International Standard Book Number 9788131757994
Terms of availability 180.00
035 ## - SYSTEM CONTROL NUMBER
System control number B-741828
037 ## - SOURCE OF ACQUISITION
Source of stock number/acquisition Pearson /Gift
082 ## - DEWEY DECIMAL CLASSIFICATION NUMBER
Classification number 658.45
100 ## - MAIN ENTRY--PERSONAL NAME
Personal name Bovee, Courtland L.
245 ## - TITLE STATEMENT
Title Business communication today /
Statement of responsibility, etc by Courtland L. Bovee, John V. Thill [and] Abha Chatterjee
250 ## - EDITION STATEMENT
Edition statement 10th ed
260 ## - PUBLICATION, DISTRIBUTION, ETC. (IMPRINT)
Place of publication, distribution, etc New Delhi
Name of publisher, distributor, etc Pearson
Date of publication, distribution, etc 2013
270 ## - ADDRESS
Address 11 Community Centre, Panchsheel Park,
City New Delhi
Postal code 110017
300 ## - PHYSICAL DESCRIPTION
Extent vp.:
Other physical details ill.
Dimensions 25cm(pbk)
500 ## - GENERAL NOTE
General note include index
700 ## - ADDED ENTRY--PERSONAL NAME
Personal name Thill, John V.
700 ## - ADDED ENTRY--PERSONAL NAME
Personal name Chatterjee, Abha
942 ## - ADDED ENTRY ELEMENTS (KOHA)
Source of classification or shelving scheme Dewey Decimal Classification
Item type English Books
Call number suffix BOV
Classification part 658.45
Holdings
Withdrawn status Lost status Not for loan Collection code Home library Current library Date acquired Source of acquisition Cost, normal purchase price Full call number Barcode Copy number Cost, replacement price Koha item type Public note
      Non-fiction Bawana Bawana 09/11/2021 Eng/Gift/8.11.2021 180.00 658.45 BOV B-741828 1 180.00 English Books Gift

© Delhi Public Library
Hit Counter
free hit counter